<?xml version="1.0" encoding="UTF-8"?>
<record
    xmlns:xsi="http://www.w3.org/2001/XMLSchema-instance"
    xsi:schemaLocation="http://www.loc.gov/MARC21/slim http://www.loc.gov/standards/marcxml/schema/MARC21slim.xsd"
    xmlns="http://www.loc.gov/MARC21/slim">

  <leader>04068nam a2200325   4500</leader>
  <controlfield tag="001">114147</controlfield>
  <controlfield tag="003">DR-UNIBE</controlfield>
  <controlfield tag="005">20251010135751.0</controlfield>
  <controlfield tag="008">251010b2025    dr ||||| |||| 00| 0 spa d</controlfield>
  <datafield tag="020" ind1=" " ind2=" ">
    <subfield code="a">9789945511246</subfield>
  </datafield>
  <datafield tag="040" ind1=" " ind2=" ">
    <subfield code="a">BIBLIOTECA UNIBE</subfield>
    <subfield code="b">spa</subfield>
    <subfield code="c">BIBLIOTECA UNIBE</subfield>
  </datafield>
  <datafield tag="041" ind1=" " ind2=" ">
    <subfield code="a">spa</subfield>
  </datafield>
  <datafield tag="082" ind1=" " ind2=" ">
    <subfield code="2">22</subfield>
    <subfield code="a">RD 333.72097293 G633c</subfield>
  </datafield>
  <datafield tag="100" ind1="1" ind2="0">
    <subfield code="a">G&#xF3;mez Valenzuela, V&#xED;ctor</subfield>
    <subfield code="e">autor</subfield>
    <subfield code="9">50151</subfield>
  </datafield>
  <datafield tag="245" ind1="1" ind2="3">
    <subfield code="a">El capital natural de Rep&#xFA;blica Dominicana :</subfield>
    <subfield code="b">en la encrucijada de la sostenibilidad /</subfield>
    <subfield code="c">V&#xED;ctor G&#xF3;mez-Valenzuela</subfield>
  </datafield>
  <datafield tag="260" ind1=" " ind2=" ">
    <subfield code="a">Santo Domingo :</subfield>
    <subfield code="b">Instituto Tecnol&#xF3;gico de Santo Domingo (INTEC),</subfield>
    <subfield code="c">2025</subfield>
  </datafield>
  <datafield tag="300" ind1=" " ind2=" ">
    <subfield code="a">259 p&#xE1;ginas :</subfield>
    <subfield code="b">ilustraciones ;</subfield>
    <subfield code="c">23 cm</subfield>
  </datafield>
  <datafield tag="504" ind1=" " ind2=" ">
    <subfield code="a">Incluye referencias bibliogr&#xE1;ficas (p&#xE1;ginas: 244-259) e &#xED;ndice</subfield>
  </datafield>
  <datafield tag="505" ind1="0" ind2=" ">
    <subfield code="a">Presentaci&#xF3;n |
Pr&#xF3;logo |
Agradecimientos |
Dedicatoria |
Introducci&#xF3;n |
Cap&#xED;tulo 1. Entendiendo el capital natural |
Cap&#xED;tulo 2. La medici&#xF3;n del capital natural |
Cap&#xED;tulo 3. Bienes p&#xFA;blicos y obras particularidades del mercado |
Cap&#xED;tulo 4. Crecimiento econ&#xF3;mico y desarrollo |
Cap&#xED;tulo 5. La econom&#xED;a dominicana del siglo XXI y el capital natural |
Cap&#xED;tulo 6. El capital natural y actividades clave |
Cap&#xED;tulo 7. La depreciaci&#xF3;n del capital natural: una aproximaci&#xF3;n |
Cap&#xED;tulo 8. &#xA1;Cuidado! vivimos en una isla |
Cap&#xED;tulo 9. Consideraciones finales |
Referencias |
&#xCD;ndice de figuras |
&#xCD;ndice de tablas
</subfield>
  </datafield>
  <datafield tag="520" ind1="3" ind2=" ">
    <subfield code="a">El capital natural de la Rep&#xFA;blica Dominicana: en la encrucijada de la sostenibilidad, ofrece un an&#xE1;lisis profundo y cr&#xED;tico sobre la interrelaci&#xF3;n entre los recursos naturales, la sostenibilidad y el modelo de desarrollo econ&#xF3;mico del pa&#xED;s, combinando memorias personales, reflexiones ambientales y fundamentos t&#xE9;cnicos. A lo largo del libro se abordan tres cuestiones centrales: la contribuci&#xF3;n del capital natural a la riqueza y bienestar de la sociedad dominicana, su relaci&#xF3;n con sectores econ&#xF3;micos clave &#x2014;en especial el turismo&#x2014;, y la depreciaci&#xF3;n ambiental como un factor cr&#xED;tico en la sostenibilidad. Estas tem&#xE1;ticas se presentan bajo un enfoque riguroso que entrelaza datos estad&#xED;sticos, estudios de caso y marcos conceptuales s&#xF3;lidos, explorando tambi&#xE9;n aspectos como la p&#xE9;rdida de polinizadores, la degradaci&#xF3;n de ecosistemas y las consecuencias silenciosas del crecimiento econ&#xF3;mico desarticulado del entorno natural. M&#xE1;s que un texto t&#xE9;cnico, este libro es una reflexi&#xF3;n urgente y comprometida sobre el rumbo que toma la sociedad dominicana ante los desaf&#xED;os ambientales. Con un llamado expl&#xED;cito a observar las se&#xF1;ales del cambio &#x2014;muchas veces invisibles o ignoradas&#x2014;, el autor apela a la conciencia colectiva para repensar el modelo de desarrollo actual. La propuesta es clara: crecer de forma m&#xE1;s inteligente, inclusiva y sostenible, aprovechando la insularidad como una oportunidad para redefinir un futuro m&#xE1;s justo y resiliente, anclado en el talento y compromiso de las personas. La obra, publicada por Ediciones INTEC, constituye una invitaci&#xF3;n a reflexionar sobre el valor del patrimonio natural dominicano, bosques, r&#xED;os, costas, monta&#xF1;as y biodiversidad, como eje esencial de la econom&#xED;a y como base para construir un futuro sostenible. El texto trata la convergencia entre desarrollo econ&#xF3;mico y conservaci&#xF3;n ambiental, al tiempo que plantea los principales desaf&#xED;os y oportunidades que enfrenta la naci&#xF3;n en la b&#xFA;squeda de un modelo de desarrollo responsable con el medioambiente.

</subfield>
  </datafield>
  <datafield tag="650" ind1=" " ind2="7">
    <subfield code="2">lemb</subfield>
    <subfield code="a">Desarrollo sostenible</subfield>
    <subfield code="z">Rep&#xFA;blica Dominicana</subfield>
    <subfield code="9">2848</subfield>
  </datafield>
  <datafield tag="650" ind1=" " ind2="7">
    <subfield code="2">lemb</subfield>
    <subfield code="a">Recursos naturales</subfield>
    <subfield code="z">Rep&#xFA;blica Dominicana</subfield>
    <subfield code="9">18455</subfield>
  </datafield>
  <datafield tag="650" ind1=" " ind2="7">
    <subfield code="2">lemb</subfield>
    <subfield code="a">Conservaci&#xF3;n de los recursos naturales</subfield>
    <subfield code="z">Rep&#xFA;blica Dominicana</subfield>
    <subfield code="9">28116</subfield>
  </datafield>
  <datafield tag="650" ind1=" " ind2="7">
    <subfield code="2">lemb</subfield>
    <subfield code="a">Pol&#xED;tica ambiental</subfield>
    <subfield code="z">Rep&#xFA;blica Dominicana</subfield>
    <subfield code="9">17135</subfield>
  </datafield>
  <datafield tag="700" ind1="1" ind2=" ">
    <subfield code="a">Bonetti de Santana, Rosa M.</subfield>
    <subfield code="e">presentaci&#xF3;n</subfield>
    <subfield code="9">199698</subfield>
  </datafield>
  <datafield tag="700" ind1="1" ind2=" ">
    <subfield code="a">Arias Corniel, Yvonne</subfield>
    <subfield code="e">prologuista</subfield>
    <subfield code="9">199699</subfield>
  </datafield>
  <datafield tag="700" ind1="1" ind2=" ">
    <subfield code="a">Mad&#xE9;, Manuel</subfield>
    <subfield code="e">cuidado de edici&#xF3;n</subfield>
    <subfield code="9">199704</subfield>
  </datafield>
  <datafield tag="710" ind1="2" ind2=" ">
    <subfield code="a">GLAUX publicaciones acad&#xE9;micas</subfield>
    <subfield code="e">correcci&#xF3;n de estilo</subfield>
    <subfield code="9">199705</subfield>
  </datafield>
  <datafield tag="942" ind1=" " ind2=" ">
    <subfield code="2">ddc</subfield>
    <subfield code="c">BK</subfield>
  </datafield>
  <datafield tag="999" ind1=" " ind2=" ">
    <subfield code="c">114147</subfield>
    <subfield code="d">114147</subfield>
  </datafield>
  <datafield tag="952" ind1=" " ind2=" ">
    <subfield code="0">0</subfield>
    <subfield code="1">0</subfield>
    <subfield code="2">ddc</subfield>
    <subfield code="7">0</subfield>
    <subfield code="8">GEN-RD</subfield>
    <subfield code="a">Principal</subfield>
    <subfield code="d">2025-10-10</subfield>
    <subfield code="l">0</subfield>
    <subfield code="o">RD 333.72097293 G633c</subfield>
    <subfield code="p">251052</subfield>
    <subfield code="r">2025-10-10 11:03:11</subfield>
    <subfield code="t">Ej. 1</subfield>
    <subfield code="w">2025-10-10</subfield>
    <subfield code="y">BK</subfield>
  </datafield>
</record>
